The materializing of duncan mctavish (Record no. 11475)
[ view plain ]
| 000 -LEADER | |
|---|---|
| fixed length control field | 00557nam a22001937a 4500 |
| 003 - CONTROL NUMBER IDENTIFIER | |
| control field | OSt |
| 005 - DATE AND TIME OF LATEST TRANSACTION | |
| control field | 20160215095642.0 |
| 008 - FIXED-LENGTH DATA ELEMENTS--GENERAL INFORMATION | |
| fixed length control field | 130917t xxu||||| |||| 00| 0 eng d |
| 020 ## - INTERNATIONAL STANDARD BOOK NUMBER | |
| International Standard Book Number | 000647036 |
| 050 ## - LIBRARY OF CONGRESS CALL NUMBER | |
| Classification number | PS 8555.054 |
| Item number | .M3 1991 |
| 082 ## - DEWEY DECIMAL CLASSIFICATION NUMBER | |
| Classification number | FIC |
| Item number | C76m 1991 |
| 100 ## - MAIN ENTRY--PERSONAL NAME | |
| Personal name | Conkie, Heather |
| 9 (RLIN) | 20356 |
| 245 ## - TITLE STATEMENT | |
| Title | The materializing of duncan mctavish |
| Statement of responsibility, etc | Heather Conkie |
| 260 ## - PUBLICATION, DISTRIBUTION, ETC. (IMPRINT) | |
| Place of publication, distribution, etc | Canada : |
| Name of publisher, distributor, etc | Harper Collins Publishers, |
| Date of publication, distribution, etc | c1991. |
| 300 ## - PHYSICAL DESCRIPTION | |
| Extent | 106 p. : |
| Other physical details | ill. ; |
| Dimensions | 19 cm. |
| 440 ## - SERIES STATEMENT/ADDED ENTRY--TITLE | |
| Title | Road to Avonlea |
| Number of part/section of a work | # 4 |
| 9 (RLIN) | 20357 |
| 942 ## - ADDED ENTRY ELEMENTS (KOHA) | |
| Source of classification or shelving scheme | Library of Congress Classification |
| Koha item type | Books |
| Withdrawn status | Lost status | Source of classification or shelving scheme | Damaged status | Home library | Current library | Shelving location | Date acquired | Total Checkouts | Full call number | Barcode | Date last seen | Copy number | Price effective from | Koha item type |
|---|---|---|---|---|---|---|---|---|---|---|---|---|---|---|
| Library of Congress Classification | Luxembourg Library | Luxembourg Library | Fiction Section | 09/17/2013 | PS 8555.054 .M3 1991 | 6066 | 09/17/2013 | 1 | 09/17/2013 | Books |